Realitný trh je zrkadlovým odrazom ekonomickej situácie v štáte
Stagnácia na slovenskom trhu s nehnuteľnosťami od r. 1993. Príčiny danej situácie - nedostatok finančných zdrojov, nevhodná skladba poskytovaných úverov, obmedzený záujem zahraničných investorov, úpadok hospodárstva. V súčasnosti ponuka na prenájom a predaj nehnuteľností vysoko prevyšuje dopyt. Pers...
Guardado en:
| Autor principal: | |
|---|---|
| Formato: | Capítulo de libro |
| Lenguaje: | eslovaco |
| Materias: | |
| Etiquetas: |
Sin Etiquetas, Sea el primero en etiquetar este registro!
|
MARC
| LEADER | 00000naa a2200000 4500 | ||
|---|---|---|---|
| 001 | r035356 | ||
| 005 | 20230921103833.3 | ||
| 041 | 0 | |a slo | |
| 044 | |a SK | ||
| 245 | 1 | 0 | |a Realitný trh je zrkadlovým odrazom ekonomickej situácie v štáte |c Daniela Zverková |
| 520 | |a Stagnácia na slovenskom trhu s nehnuteľnosťami od r. 1993. Príčiny danej situácie - nedostatok finančných zdrojov, nevhodná skladba poskytovaných úverov, obmedzený záujem zahraničných investorov, úpadok hospodárstva. V súčasnosti ponuka na prenájom a predaj nehnuteľností vysoko prevyšuje dopyt. Perspektíva vývoja realitného trhu. | ||
| 610 | 2 | 0 | |a nehnuteľnosti |
| 610 | 2 | 0 | |a kancelárie realitné |
| 610 | 2 | 0 | |a predaj |
| 610 | 2 | 0 | |a prenájom |
| 610 | 2 | 0 | |a dopyt |
| 610 | 2 | 0 | |a Slovensko |
| 100 | 1 | |a Zverková, Daniela | |